00401nam a22001457a 4500003000400000005001700004008004100021040000800062050000900070082000900079100001700088245009600105260004400201300001000245OSt20230601152307.0230601b |||||||| |||| 00| 0 eng d cDLC bY68I bY68I aYoung, E. J. aIn The Beginning:bGenesis Chapters 1 to 3 and the Authority of Scripture/cby E. J. Young. aUSA:bThe Banner of Truth Trust,c1976. a117p.